|
|
|
|
| LEADER |
00679cam a2200205 7i4500 |
| 001 |
0000005172 |
| 005 |
20190506090000.0 |
| 020 |
|
|
|a 0766828646 (pbk.)
|
| 020 |
|
|
|a 9780766828636
|
| 020 |
|
|
|a 0766828638 (pbk.)
|
| 090 |
0 |
0 |
|a TK7816
|b .H47 2000
|
| 100 |
1 |
|
|a Herman, Stephen L
|
| 245 |
1 |
0 |
|a Electronics for electricians
|c Stephen L. Herman.
|
| 250 |
|
|
|a 4th ed.
|
| 260 |
|
|
|a Albany, NY:
|b Delmar Thomson Learning,
|c 2000.
|
| 300 |
|
|
|a viii, 456 p.;
|c 24 cm.
|
| 650 |
0 |
0 |
|a Electronics
|
| 997 |
|
|
|a Engineering & Life Sciences, Faculty
|b Engineering, Department
|
| 998 |
|
|
|a Electrical & Electronic Engineering, Diploma
|
| 999 |
|
|
|a 0000005966
|b BOK
|c OPEN SHELF
|e 2nd Floor, Bestari Jaya
|